Reclamation of saline and alkali soils under irrigation / (Record no. 3670)

MARC details
000 -LEADER
fixed length control field 00958nam a2200277 a 4500
001 - CONTROL NUMBER
control field BD-DhSAU 3670
003 - CONTROL NUMBER IDENTIFIER
control field BD-DhSAU
005 - DATE AND TIME OF LATEST TRANSACTION
control field 20150209121555.0
008 - FIXED-LENGTH DATA ELEMENTS--GENERAL INFORMATION
fixed length control field 890216s1989 ii 000 0 eng
020 ## - INTERNATIONAL STANDARD BOOK NUMBER
International Standard Book Number 8185005567
040 ## - CATALOGING SOURCE
Original cataloging agency BD-DhSAU
082 ## - DEWEY DECIMAL CLASSIFICATION NUMBER
Edition number 22
Classification number 631.6
Item number REC
130 0# - MAIN ENTRY--UNIFORM TITLE
Uniform title Kompleksnai︠a︡ meliorat︠s︡ii︠a︡ solonchakovykh i solont︠s︡ovykh pochv pri oroshenii.
Language of a work English.
245 10 - TITLE STATEMENT
Title Reclamation of saline and alkali soils under irrigation /
Statement of responsibility, etc. A.A. Sidko [et al.].
250 ## - EDITION STATEMENT
Edition statement 1st English ed.
260 ## - PUBLICATION, DISTRIBUTION, ETC. (IMPRINT)
Place of publication, distribution, etc. New Delhi, India :
Name of publisher, distributor, etc. Agricole Pub. Academy ,
Date of publication, distribution, etc. 1989.
300 ## - PHYSICAL DESCRIPTION
Extent x, 206 p. :
Other physical details ill. ;
Dimensions 23 cm.
590 ## - Name of Cataloguer
Name of Cataloger tamanna
650 #0 - SUBJECT ADDED ENTRY--TOPICAL TERM
Topical term or geographic name as entry element Solonchak soils
Geographic subdivision Soviet Union.
650 #0 - SUBJECT ADDED ENTRY--TOPICAL TERM
Topical term or geographic name as entry element soil science
650 #0 - SUBJECT ADDED ENTRY--TOPICAL TERM
Topical term or geographic name as entry element Solonetz soils
Geographic subdivision Soviet Union.
650 #0 - SUBJECT ADDED ENTRY--TOPICAL TERM
Topical term or geographic name as entry element Reclamation of land
Geographic subdivision Soviet Union.
650 #0 - SUBJECT ADDED ENTRY--TOPICAL TERM
Topical term or geographic name as entry element Soils, Irrigated
Geographic subdivision Soviet Union.
650 #0 - SUBJECT ADDED ENTRY--TOPICAL TERM
Topical term or geographic name as entry element Irrigation
Geographic subdivision Soviet Union.
700 1# - ADDED ENTRY--PERSONAL NAME
Personal name Sidko, A.A. [et al.]
942 ## - ADDED ENTRY ELEMENTS (KOHA)
Source of classification or shelving scheme Dewey Decimal Classification
Koha item type Book
Holdings
Withdrawn status Lost status Source of classification or shelving scheme Damaged status Not for loan Home library Branch Name Shelving location Date acquired Total Checkouts Full call number Barcode Date last seen Price effective from Koha item type
    Dewey Decimal Classification     SAU Library SAU Library General Stacks 22/06/1993   631.6 REC 24611 08/02/2015 08/02/2015 Book
    Dewey Decimal Classification     SAU Library SAU Library General Stacks 22/06/1993   631.6 REC 24610 09/02/2015 09/02/2015 Book
    Dewey Decimal Classification     SAU Library SAU Library General Stacks 22/06/1993   631.6 REC 24613 09/02/2015 09/02/2015 Book